000 00700nam a2200289Ia 4500
005 20260324134224.0
008 008 260324s9999 xx 000 0 eng d
020 _a9781003555506
037 _aEBOOK
040 _aCRL
040 _beng
040 _cCRL
041 _2eng
041 _aeng
084 _qCRL
100 _aJuan F. Gamella
_91196023
245 0 _aDrugs and Alcohol in the Pacific
245 0 _bNew Consumption Trends and their Consequences
260 _bTaylor and Francis
260 _c2002
365 _a
365 _b99.99
856 _uhttp://www.taylorfrancis.com/books/9781003555506
942 _cEBOOK
999 _c1795854
_d1795854